Southville International School and Colleges
Your cart is empty.
  • Cart
  • Lists
    Public lists Eva Luna New books Lux_list list_1
    Your lists Log in to create your own lists
  • Log in to your account
  • Your cookies
  • Search history
Southville International School and Colleges
  • Advanced search
  • Recent comments
  • Most popular
  • Libraries

Log in to your account

Log in with GOOGLE


If you do not have an external account, but do have a local account, you can still log in:

  1. Home
  2. MARC view: Ladybird children's classic /
Normal view MARC view ISBD view

Ladybird children's classic / (Record no. 103589)

[ view plain ]
MARC details
000 -LEADER
fixed length control field 00633nam a2200193 a 4500
005 - DATE AND TIME OF LATEST TRANSACTION
control field 20140412111304.0
008 - FIXED-LENGTH DATA ELEMENTS--GENERAL INFORMATION
fixed length control field 001118s19uu xx 00 eng d
020 ## - INTERNATIONAL STANDARD BOOK NUMBER
International Standard Book Number 0-7214-0632-7
050 ## - LIBRARY OF CONGRESS CALL NUMBER
Classification number M 813
Item number Bu963 1980
100 ## - MAIN ENTRY--PERSONAL NAME
Personal name Burnett, Frances H. 1849-1924
245 ## - TITLE STATEMENT
Title Ladybird children's classic /
Statement of responsibility, etc Frances Hodgson Burnett, J. Shufflebotham; retold in simple language by Joyce Faraday.
260 ## - PUBLICATION, DISTRIBUTION, ETC. (IMPRINT)
Place of publication, distribution, etc Uk :
Name of publisher, distributor, etc Ladybird,
Date of publication, distribution, etc 1980.
300 ## - PHYSICAL DESCRIPTION
Extent 51 p.
650 ## - SUBJECT ADDED ENTRY--TOPICAL TERM
Topical term or geographic name as entry element Orphans -- Fiction
650 ## - SUBJECT ADDED ENTRY--TOPICAL TERM
Topical term or geographic name as entry element Yorkshire (England) -- Fiction
650 ## - SUBJECT ADDED ENTRY--TOPICAL TERM
Topical term or geographic name as entry element Gardens -- Fiction
650 ## - SUBJECT ADDED ENTRY--TOPICAL TERM
Topical term or geographic name as entry element Physically handicapped -- Fiction
Holdings
Withdrawn status Lost status Damaged status Use restrictions Home library Current library Shelving location Date acquired Source of acquisition Total Checkouts Full call number Barcode Date last seen Price effective from Koha item type
        Elizalde Library Elizalde Library Main Section 11/18/2000     M 813 Bu963 1980 E5420 04/12/2014 04/12/2014 Books

Ladybird children's classic /

APA

Burnett F. H. 1., . (1980). Ladybird children's classic. Uk: Ladybird.

Chicago

Burnett Frances H 1849-1924, . 1980. Ladybird children's classic. Uk: Ladybird.

Harvard

Burnett F. H. 1., . (1980). Ladybird children's classic. Uk: Ladybird.

MLA

Burnett Frances H 1849-1924, . Ladybird children's classic. Uk: Ladybird. 1980.

  • Place hold
  • Print
  • Cite
  • Add to your cart (remove)
  • Save record
    BIBTEX Dublin Core MARCXML MARC (non-Unicode/MARC-8) MARC (Unicode/UTF-8) MARC (Unicode/UTF-8, Standard) MODS (XML) RIS
  • More searches
    Search for this title in:
    Other Libraries (WorldCat) Other Databases (Google Scholar) Online Stores (Bookfinder.com) Open Library (openlibrary.org)

Exporting to Dublin Core...

SOUTHVILLE LIBRARY

Southville International School and Colleges Library

1281 Tropical Ave. Cor. Luxembourg St., BF Homes International, Las Pinas City

Tel. No. 8256374 / 252358 Loc. 117/146

Powered by Koha